Poznámky ako súčasť účtovnej závierky diplomová práca

Gespeichert in:
Bibliographische Detailangaben
1. Verfasser: Pajerská, Ľubica
Körperschaft: Fakulta hospodárskej informatiky EU. Katedra účtovníctva a audítorstva
Weitere Verfasser: Maděra, František
Format: Buch
Sprache:Slowakisch
Veröffentlicht: Bratislava 2012
Tags: Tag hinzufügen
Keine Tags, Fügen Sie das erste Tag hinzu!

MARC

LEADER 00000nbm a2200000 4500
001 0162015
005 20161212130629.3
041 0 |a slo 
044 |a SK 
245 1 0 |a Poznámky ako súčasť účtovnej závierky  |b diplomová práca  |c Ľubica Pajerská ; školiteľ: František Maděra 
264 1 |a Bratislava  |c 2012 
300 |a 68 s. 
100 1 |a Pajerská, Ľubica 
700 1 |a Maděra, František 
710 2 |a Fakulta hospodárskej informatiky EU. Katedra účtovníctva a audítorstva